000 00835nam a22002417a 4500
003 UA-OsUOA
001 65006
007 ta
008 20091111b un ||||| |||| 00| 0 ukr d
100 _aСтороженко І. С.
090 _a94(477.63).04
_bС82
942 _cBK
040 _aUA-OsUOA
_bukr
_cUA-OsUOA
_dUA-OsUOA
245 _aБогдан Хмельницький і Запорозька Січ кінця 16 середини 17 століть
300 _a414 с.
955 _a2
041 _aukr
080 _a94(477.63).04
260 _aДніпродзержинськ
_c2007
246 3 1 _a2
_nГенезис, еволюція та реформування організаційної структури Січі
650 7 _a9 Географія. Біографії. Історія
_2UDC
999 _c351110
_d351110